000 00478nam a2200181Ia 4500
008 151119s9999||||xx |||||||||||||| ||und||
082 _bGKKV33407
100 _aCENTRAL CHIMAYA MISSION TRUST
245 _aBEYOND SORROW
260 _aMumbai
260 _bCentral Chinmaya Mission Trust
260 _c2002
600 _aCENTRAL CHIMAYA MISSION TRUST
630 _aBEYOND SORROW
700 _aCENTRAL CHIMAYA MISSION TRUST
730 _aBEYOND SORROW
942 _cBOOK
999 _c1085703
_d1085700